000 01440 a2200241 4500
001 43231
005 20260407155716.0
008 260407a2017 arg spa d
003 AR-UNSa-BCEJYS
040 _aAR-UNSa-BCEJYS
_bspa
_cAR-UNSa-BCEJYS
080 _a336.02
_xPolítica financiera. Política fiscal
245 1 0 _aPolítica fiscal y distribución personal y regional del ingreso en la Argentina
020 _a978-950-34-1462-0
264 1 _aLa Plata :
_bUniversidad Nacional de la Plata. Facultad de Ciencias Económicas
_c2017
300 _a204 p.
_c22 cm.
505 _a1. Presupuestos provinciales, transferencias intergubernamentales y equidad - 2. Personal and regional redistribution through public finance. The case of provincial governments in Argentina - 3. Personal and regional redistribution through the National Budget in Argentina 2004. - 4. Personal and regional redistribution through the National and Provincial Budgets in Argentina 2004. - 5. Fiscal policy and income distribution: Measurement for Argentina 1995-2010 - 6. Geografía de la desigualdad en la distribución personal del ingreso y en el impacto distributivo de la política fiscal. Argentina 1995-2010
041 _aspa
942 _cBK
590 _aniveau_biblio:m niveau_hierar:0
100 1 _aPorto, Alberto
700 1 _aCont, Walter
856 4 1 _uhttps://biblioeco.unsa.edu.ar/pmb/images/libros/L126586.jpg
_yImagen de portada
_qimage/jpeg
999 _c3672
_d3672